Countries Architects has Visited - Statistics

General Stats
  • This quiz has been taken 22 times
  • The average score is 36 of 42
Answer Stats
Continent Country % Correct
Europe France
100%
Europe Germany
100%
Europe United Kingdom
100%
North America United States of America
100%
Oceania Australia
94%
Europe Austria
94%
South America Brazil
94%
North America Canada
94%
Asia China
94%
Europe Greece
94%
Europe Italy
94%
Asia Japan
94%
North America Mexico
94%
Asia/ Europe Russia
94%
Europe Spain
94%
Europe Ukraine
94%
South America Argentina
88%
South America Colombia
88%
Europe Croatia
88%
Europe Czech Republic
88%
Europe Finland
88%
Europe Ireland
88%
Europe Norway
88%
Europe Poland
88%
Europe Portugal
88%
Europe Slovenia
88%
Europe Sweden
88%
Europe Switzerland
88%
Europe Belarus
82%
South America Chile
82%
Europe Denmark
82%
Europe Hungary
82%
Oceania New Zealand
82%
Europe Romania
82%
Europe Slovakia
82%
Europe Bulgaria
76%
Asia India
76%
Asia Thailand
76%
Asia Malaysia
65%
Asia Philippines
65%
Asia Singapore
65%
Asia Indonesia
59%
No matching quizzes found
Score Distribution
Percent of People with Each Score
Percentile by Number Answered
Your Score History
You have not taken this quiz